000 00673nam a2200229Ia 4500
005 20241129111326.0
008 241129s9999||||xx |||||||||||||| ||und||
020 _a978-1-5381-3292-0
037 _aTB
040 _aCRL
_beng
_cCRL
041 _aeng
_2eng
084 _a2:55 R3
_qCRL
100 _aSalaba Athena Au.; Chan Lois Mai Au.
_9724085
245 0 _aCataloging and classification: an introduction
_cSalaba Athena Au.; Chan Lois Mai Au.
250 _a5th
260 _a, Maryland
_bLanham Rowman & Littlefield
_c2023
300 _axv,773p.
365 _aUKP
_b58
650 _aLibrary Science
942 _cTB
_h2:55 R3
999 _c1229937
_d1229937